Statistics for All 50k+ Cities in Peru with a Map

Click here to take the quiz!

General Stats

  • This quiz has been taken 871 times
  • The average score is 18 of 43

Answers on the Map

Answers color-coded by a green-red scale on the quiz's map according to % correct below.
 

Answer Stats

PopulationCity% Correct
10,795,500Lima
100%
477,300Cusco
88%
1,081,900Arequipa
82%
422,900Iquitos
74%
986,800Trujillo
72%
310,600Ica
60%
522,400Piura
60%
321,700Tacna
55%
651,100Chiclayo
54%
137,800Puno
54%
441,400Huancayo
53%
107,500Tumbes
51%
235,200Ayacucho
48%
223,900Cajamarca
48%
386,100Chimbote
45%
308,400Juliaca
43%
214,800Huánuco
42%
380,000Pucallpa
42%
129,100Huaraz
41%
79,100Moquegua
39%
61,800Cerro de Pasco
38%
55,100Huancavelica
37%
85,600Pisco
36%
93,900Puerto Maldonado
35%
204,200Sullana
35%
162,700Tarapoto
35%
70,400Ilo
32%
165,900Huacho
31%
80,100Abancay
29%
81,100Jaén
29%
210,500Chincha Alta
28%
55,200Moyobamba
27%
94,200Paita
26%
97,500Talara
26%
84,800Huaral
25%
70,800San Vicente de Cañete
24%
62,100Andahuaylas
22%
62,100Barranca
22%
70,400Tingo María
20%
77,200Yurimaguas
20%
52,000Ferreñafe
17%
51,300Sicuani
17%
51,900El Pedregal
9%

Score Distribution

Percentile by Number Answered

Percent of People with Each Score

Your Score History

You have not taken this quiz